000 00799nam a2200169 a 4500
008 091214s1962 ||||||||||||||||| || u
050 _aGOV.ZAM(058)AG/1962
110 _aGovernment of the Republic of Zambia (GRZ)
245 1 0 _aReport of the Auditor-General of the Federation on the accounts of Northern Rhodesia Native Treasureries for the year ended 3st December, 1960
_cPresented to the Legislative Council
260 _aLusaka
_bGovernment Printer
_c1962
300 _a4p. :ill.
350 _a0.00
650 _aGOVERNMENT OF THE REPUBLIC OF ZAMBIA (GRZ)--AUDITING
650 _aAUDITING
650 _aAUDITORS' REPORTS--ZAMBIA
995 _D0.00
_FCBU-MAIN LIBRARY (Kitwe)
_H1
_I0.00
_M1
_UAVAILABLE
_WDec 14, 2009
_ZZambiana Collection
999 _c56092
_d56092